00444 2200181 4500001002100000005001500021008004100036035001900077041000700096082001000103090001600113100001300129245003400142260003900176300002200215500001000237650001500247INLIS00000000000391220241224112819241224||||||||| | ||| |||| || |  0010-1224003912 aid0 a927.3 a297.3 LAB p0 aLabib Mz00aPerjalanan Hidup Sesudah Mati aSurabayabBintang Usaha Jayac2002 a384 hlm. : 20 cm. aCet.1 0aIlmu Agama